Statistics for Answers Contain Lake Quiz

Click here to take the quiz!

General Stats

  • This quiz has been taken 584 times
  • The average score is 10 of 20

Answer Stats

ClueAnswer% Correct
Ontario, Michigan, Superior, etc.Great Lakes
98%
Ballet by TchaikovskySwan Lake
89%
Mormon Church headquartersSalt Lake City
86%
"Showtime"Los Angeles Lakers
71%
Kampala lies by itLake Victoria
70%
Lake in Switzerland and FranceLake Geneva
67%
World's deepest lakeLake Baikal
65%
High-altitude lake between
Bolivia and Peru
Lake Titicaca
64%
Between California and NevadaLake Tahoe
53%
Watery tart who gave King Arthur
his sword
Lady of the Lake
51%
Lombard lake famous for its villasLake Como
51%
Twice hosted the Winter OlympicsLake Placid
50%
Lake in Central America infested
with freshwater sharks
Lake Nicaragua
40%
Oregon national parkCrater Lake
30%
Reservoir created by Hoover damLake Mead
29%
2006 Bullock–Reeves movieThe Lake House
28%
Cayuga, Seneca, Oneida, etc.The Finger Lakes
25%
Large lagoon of VenezuelaLake Maracaibo
21%
Jason Voorhees's hometownCrystal Lake
13%
Houston church led by Joel OsteenLakewood
10%

Score Distribution

Percentile by Number Answered

Percent of People with Each Score

Your Score History

You have not taken this quiz